00972nam a2200265Ia 4500001000900000003000500009005001700014008004100031010001100072020002200083040000900105082002000114110005900134245022000193260003000413300001100443503000700454504002800461650002900489650002900518650004100547650003300588700004800621700003700669dia_6202CHAP20230605090957.0220117s2015 xx 000 0 und d a177418 a978-607-12-0386-1 cCHAP a630.71 A28 2015 aUACh. Dirección de Centros Regionales Universitarios aActividades de servicio, investigación, docencia y difusión de la cultura del Centro Regional Universitario del Anáhuac 2011-2013 /c compiladores Juan Carlos Cuevas Cruz y José Guadalupe Betancourt Ventura aMéxico :b UACh,c2015 a310 p. aD. aIncluye bibliografías aAgricultural education  aEducación agrícola  aEducación y capacitación rural  aRural education and training aBetancourt Ventura, José Guadalupe, comp. aCuevas Cruz, Juan Carlos, comp.